THE MICRO ENQUIRER (Record no. 1707)
[ view plain ]
| 000 -LEADER | |
|---|---|
| fixed length control field | 00341nam a22001337a 4500 |
| 020 ## - INTERNATIONAL STANDARD BOOK NUMBER | |
| ISBN | 0-7126-0409-X |
| 082 ## - DEWEY DECIMAL CLASSIFICATION NUMBER | |
| Classification number | 004 |
| Item number | BRI/M |
| 100 ## - MAIN ENTRY--AUTHOR NAME | |
| Personal name | BIDMEAD, CHRISTOPHER |
| 245 ## - TITLE STATEMENT | |
| Title | THE MICRO ENQUIRER |
| Remainder of title | SPECTRUM |
| 260 ## - PUBLICATION, DISTRIBUTION, ETC. (IMPRINT) | |
| Place of publication | GREAT BRITAIN |
| Name of publisher | CENTURY COMMUNICATIONS |
| Year of publication | 1984 |
| 300 ## - PHYSICAL DESCRIPTION | |
| Number of Pages | 183 |
| 650 ## - SUBJECT ADDED ENTRY--TOPICAL TERM | |
| Topical Term | COMPUTER SCIENCE REFERENCE |
| Geographic subdivision | INDIA |
| 942 ## - ADDED ENTRY ELEMENTS (KOHA) | |
| Koha item type | Books |
| Withdrawn status | Lost status | Collection code | Home library | Current library | Shelving location | Date acquired | Source of acquisition | Full call number | Accession Number | Koha item type |
|---|---|---|---|---|---|---|---|---|---|---|
| Reference | Main Library | Main Library | SHELF-5- J - ENTRANCE BASED REFERENCES | 17/05/2004 | purchase | 004 BRI/M | 00938 | Books |